Melawat pasar malam

Bibliographic Details
Main Author: Adibah Amin
Format: Book
Published: Petaling Jaya : Longman , 1993
Series:Siri cempaka
Subjects:

MARC

LEADER 00000cam a2200000 7i4500
001 0000001514
002 000001660
005 20000330.0
020 |a 9837400269 
090 0 0 |a JF   |b ADI 
100 0 |a Adibah Amin 
245 1 0 |a Melawat pasar malam   |c Adibah Amin 
260 |a Petaling Jaya :   |b Longman ,   |c 1993 
300 |a 22p. :   |b ill ;   |c 24cm. 
490 0 |a Siri cempaka 
650 0 0 |a Children's stories, Malay 
999 |a 034161   |b BUKU   |c PINJAMAN   |e PERPUSTAKAAN KOMUNITI PETALING JAYA 
999 |a 034162   |b BUKU   |c PINJAMAN   |e PERPUSTAKAAN KOMUNITI PETALING JAYA